Jump between World Capitals and Country Centroids - Statistics

General Stats
  • This quiz has been taken 182 times
  • The average score is 241 of 392
Answer Stats
D (km) COUNTRY/CAPITAL % Correct
2,515 Norway . S
98%
529 Sweden . S
95%
181 Estonia . L
87%
82 Helsinki . E
87%
204 Latvia . R
87%
178 Lithuania . V
87%
65 Riga . L
87%
106 Vilnius . M
87%
42 Albania . G
85%
150 Athens . S
85%
59 Belarus . K
85%
179 Bucharest . B
85%
192 Bulgaria . S
85%
26 Chisinau . R
85%
313 Greece . A
85%
378 Kiev . U
85%
74 Kosovo . P
85%
171 Macedonia . S
85%
172 Minsk . B
85%
298 Moldova . C
85%
141 Montenegro . P
85%
41 Podgorica . T
85%
16 Pristina . M
85%
307 Romania . B
85%
61 Skopje . K
85%
166 Sofia . M
85%
385 Stockholm . T
85%
380 Tallinn . H
85%
131 Tirana . A
85%
171 Ukraine . M
85%
93 Belgrade . S
82%
711 Serbia . B
82%
173 Amsterdam . N
80%
172 Austria . V
80%
149 Belgium . B
80%
280 Berlin . G
80%
46 Bosnia and Herzegovina . C
80%
55 Bratislava . B
80%
39 Brussels . A
80%
161 Budapest . H
80%
148 Croatia . Z
80%
325 Czech Republic . P
80%
253 Germany . L
80%
53 Hungary . S
80%
40 Ljubljana . A
80%
22 Luxembourg . B
80%
335 Luxembourg . L
80%
65 Netherlands . L
80%
87 Prague . B
80%
198 Sarajevo . B..
80%
175 Slovakia . C..
80%
82 Slovenia . L
80%
168 Vienna . B
80%
94 Zagreb . S
80%
953 Algeria . M
78%
1,033 Algiers . A
78%
651 Andorra . A..
78%
1 Andorra la Vella . S
78%
364 Bern . S
78%
11 Burkina Faso . N
78%
249 Dublin . I
78%
259 France . B
78%
115 Ireland . P
78%
405 Italy . V..
78%
1 Liechtenstein . M
78%
160 Lisbon . R
78%
416 London . U..
78%
26 Madrid . P
78%
1,352 Mali . O
78%
352 Malta . V
78%
1 Monaco . I
78%
413 Monaco . M
78%
252 Morocco . A
78%
581 Ouagadougou . B..
78%
866 Paris . F
78%
355 Portugal . L
78%
561 Rabat . M
78%
5 Rome . S..
78%
227 San Marino . S..
78%
1 San Marino . T
78%
472 Spain . M
78%
70 Switzerland . V
78%
347 Tripoli . M
78%
304 Tunisia . T
78%
814 Tunis . T
78%
312 United Kingdom . D
78%
94 Vaduz . L
78%
9 Valletta . A
78%
- Vatican City . R
78%
109 Vatican City . V..
78%
609 Abuja . N
73%
278 Accra . L
73%
628 Angola . N
73%
825 Antananarivo . M
73%
27 Asmara . K
73%
433 Benin . T
73%
708 Botswana . G
73%
374 Brazzaville . K
73%
119 Comoros . A
73%
692 Djibouti . D
73%
41 Djibouti . S
73%
300 Equatorial Guinea . L
73%
929 Eritrea . A
73%
596 Gabon . R..
73%
331 Gaborone . P
73%
247 Ghana . A
73%
171 Harare . L
73%
687 Khartoum . S
73%
7 Kinshasa . L
73%
581 Lesotho . M
73%
178 Libreville . S..
73%
633 Lilongwe . M
73%
168 Lome . P..
73%
549 Luanda . A
73%
398 Lusaka . Z
73%
90 Malawi . M
73%
116 Maputo . L
73%
100 Maseru . S..
73%
14 Mauritius . V
73%
301 Mbabane . S
73%
1,361 Mogadishu . S
73%
1,019 Moroni . C
73%
437 Mozambique . M
73%
1,079 Namibia . W
73%
419 Niamey . B
73%
104 Nigeria . M
73%
1,110 Port Louis . M
73%
158 Porto-Novo . A
73%
259 Pretoria . M
73%
373 Republic of the Congo . B
73%
432 Sanaa . Y
73%
281 Sao Tome and Principe . S..
73%
79 Sao Tome . G
73%
24 Seychelles . M
73%
450 Somalia . D
73%
222 South Africa . Z
73%
318 Sudan . S..
73%
67 Swaziland . M
73%
193 Togo . G
73%
1,748 Victoria . S
73%
60 Windhoek . B
73%
390 Yemen . E
73%
214 Zambia . L
73%
1,211 Zimbabwe . H
73%
301 Abu Dhabi . U..
71%
71 Amman . J
71%
221 Armenia . Y
71%
1,329 Ashgabat . T
71%
176 Azerbaijan . A
71%
58 Baghdad . K..
71%
24 Bahrain . Q
71%
536 Baku . A
71%
992 Bangui . C..
71%
45 Beirut . C
71%
159 Burundi . B
71%
422 Cairo . I
71%
854 Cameroon . Y
71%
328 Central African Republic . C
71%
540 Chad . N
71%
238 Cyprus . N
71%
269 Damascus . L
71%
623 Democratic Republic of the Congo . B
71%
10 Doha . A..
71%
305 Dushanbe . T
71%
1,180 Egypt . C
71%
103 Georgia . A
71%
1,066 Iran . T
71%
537 Iraq . B
71%
407 Israel . J
71%
39 Jerusalem . A
71%
135 Jordan . D
71%
389 Juba . U
71%
99 Kampala . K
71%
376 Kigali . R
71%
556 Kuwait City . K
71%
31 Kuwait . M
71%
448 Kyrgyzstan . B
71%
42 Lebanon . B
71%
86 Madagascar . P..
71%
647 Malabo . E..
71%
429 Manama . B
71%
433 Muscat . I
71%
990 N'Djamena . C
71%
16 Nicosia . T
71%
392 Oman . M
71%
123 Qatar . D
71%
13 Rwanda . B
71%
638 South Sudan . J
71%
756 Syria . I
71%
217 Tajikistan . K
71%
481 Tashkent . D
71%
170 Tbilisi . G
71%
451 Tehran . B
71%
174 Turkmenistan . U
71%
415 Uganda . K
71%
102 United Arab Emirates . O
71%
434 Uzbekistan . T
71%
254 Yaounde . N
71%
61 Yerevan . T
71%
289 Afghanistan . P
69%
237 Ankara . S
69%
434 Astana . K
69%
1,115 Bandar Seri Begawan . B
69%
537 Bangkok . T
69%
397 Bangladesh . D
69%
93 Bhutan . B
69%
154 Bishkek . K
69%
52 Brunei . M
69%
79 Bujumbura . D..
69%
703 Burma . N
69%
466 Cambodia . P..
69%
11 Dhaka . B
69%
824 Hanoi . T
69%
626 Indonesia . J
69%
535 Islamabad . N..
69%
1,858 Kabul . A
69%
130 Kathmandu . T
69%
806 Kazakhstan . A
69%
145 Laos . V
69%
1,380 Libya . E
69%
396 Malaysia . I
69%
1,157 Manila . P
69%
167 Naypyidaw . V
69%
681 Nepal . K
69%
690 New Delhi . N
69%
1,013 Niger . L
69%
534 Pakistan . I
69%
447 Philippines . B..
69%
125 Phnom Penh . B
69%
164 Taipei . M
69%
1,587 Taiwan . T
69%
161 Thailand . H
69%
427 Thimphu . B
69%
462 Turkey . A
69%
709 Vientiane . L
69%
332 Vietnam . C
69%
1,162 Jakarta . S
67%
306 Kuala Lumpur . S..
67%
10 Singapore . K..
67%
894 Singapore . S
67%
134 Colombo . M
64%
116 Maldives . I
64%
765 Male . M
64%
2,356 Sri Lanka . C
64%
1,170 Beijing . P
62%
2,768 China . M
62%
2,298 India . C
62%
975 Japan . T
62%
1,141 Mongolia . U
62%
176 North Korea . S
62%
810 Pyongyang . N..
62%
285 Seoul . S..
62%
150 South Korea . J
62%
159 Tokyo . M
62%
297 Ulaanbaatar . B
62%
189 Honiara . V
56%
13 Palau . P..
56%
1,937 Papua New Guinea . P..
56%
405 Port Moresby . S..
56%
238 Port-Vila . F
56%
1,310 Solomon Islands . H
56%
1,055 Vanuatu . P..
56%
1,268 Federated States of Micronesia . P
55%
3,164 Melekeok . P
55%
9 Palikir . E..
55%
886 Apia . S
53%
568 Argentina . B..
53%
857 Asuncion . P
53%
2,139 Australia . C
53%
603 Buenos Aires . M
53%
1,738 Canberra . N..
53%
9,165 Chile . S
53%
48 Dili . A
53%
3,979 East Timor . D
53%
708 Fiji . S
53%
1,081 Funafuti . T
53%
10 Kiribati . M
53%
652 Majuro . M..
53%
428 Marshall Islands . N
53%
202 Montevideo . U
53%
2,186 New Zealand . W
53%
127 Nuku'alofa . A
53%
238 Paraguay . S
53%
67 Samoa . F
53%
262 Santiago . A
53%
364 Suva . T
53%
1,172 Tarawa . K
53%
720 Tonga . N
53%
143 Tuvalu . T
53%
228 Uruguay . A
53%
167 Wellington . C
53%
728 Bogota . C
51%
269 Bolivia . P
51%
392 Caracas . S..
51%
157 Colombia . V
51%
1,177 Ecuador . Q
51%
11 Grenada . K
51%
124 Kingstown . S..
51%
447 Lima . E
51%
1,061 Nauru . Y
51%
1,342 Peru . L
51%
141 Quito . B
51%
586 Saint George's . G
51%
869 Sucre . B
51%
847 Venezuela . C
51%
2 Yaren . F..
51%
10 Saint Vincent and the Grenadines . S..
49%
13 Castries . R
47%
150 Roseau . D
47%
74 Saint Lucia . C
47%
187 Antigua and Barbuda . S..
45%
95 Basseterre . S..
45%
14 Dominica . A..
45%
8 Saint John's . B
45%
4 Saint Kitts and Nevis . B
45%
576 Barbados . B
44%
765 Brasilia . P
44%
1,864 Brazil . B
44%
11 Bridgetown . P..
44%
527 Georgetown . G
44%
236 Guyana . S
44%
201 Paramaribo . B
44%
339 Port-of-Spain . T..
44%
348 Suriname . P
44%
37 Trinidad and Tobago . G
44%
166 Banjul . G
40%
106 Bissau . C
40%
129 Cape Verde . D
40%
332 Conakry . F
40%
718 Dakar . B
40%
126 Freetown . S..
40%
138 Gambia . S
40%
266 Guinea-Bissau . B
40%
4,329 Praia . C..
40%
159 Senegal . G..
40%
189 Sierra Leone . G
40%
381 Bamako . C..
38%
629 Cote d'Ivoire . Y
38%
225 Guinea . B
38%
420 Liberia . M
38%
192 Monrovia . N
38%
1,420 Nouakchott . M
38%
87 Yamoussoukro . L
38%
666 Mauritania . D
36%
63 Panama City . K
25%
162 Bahamas . H
24%
916 Belize . B
24%
25 Belmopan . H
24%
16 Costa Rica . P
24%
425 Cuba . N
24%
1,732 Haiti . P..
24%
662 Havana . B
24%
42 Jamaica . C
24%
1,038 Kingston . J
24%
400 Nassau . B
24%
471 Panama . P..
24%
339 San Jose . C..
24%
169 Copenhagen . O
22%
4,313 Denmark . C
22%
217 Dominican Republic . S..
22%
55 El Salvador . T
22%
956 Finland . M
22%
127 Guatemala City . S..
22%
1,033 Guatemala . G..
22%
116 Honduras . N
22%
167 Managua . S..
22%
2,564 Mexico . M..
22%
275 Nicaragua . M
22%
484 Oslo . F
22%
51 Port-au-Prince . D..
22%
177 San Salvador . E..
22%
162 Tegucigalpa . H
22%
2,569 Iceland . R
20%
596 Mexico City . G
20%
193 Reykjavik . C
20%
61 Santo Domingo . W
20%
2,361 Washington . O
20%
3,704 Canada . U..
18%
1,145 Moscow . W
18%
732 Ottawa . R
18%
1,937 United States . M
18%
94 Poland . I
16%
1,154 Warsaw . P
16%
223 Saudi Arabia . A..
9%
5,554 Riyadh . S..
7%
8,111 Russia . R
7%
1,766 Addis Ababa . E
5%
127 Ethiopia . K
5%
553 Dodoma . T
4%
922 Kenya . N
4%
230 Nairobi . D
4%
85 Tanzania .
4%
No matching quizzes found
Score Distribution
Percent of People with Each Score
Percentile by Number Answered
Your Score History
You have not taken this quiz